000 00534nam a2200205Ia 4500
003 GCL
008 140319s9999 xx 000 0 eng d
040 _aGCL /
_cGCL
082 0 4 _a658.4036
_bM E
100 1 _aMAGINN, MICHAL D.
245 1 0 _aEFFECTIVE TEAMWORK /
_cMAGINN, MICHAL D.
700 1 _aWEST, MICHAEL A.
260 _a[S.N] :
_bTHE BRITISH PSYCHOLOGICAL SOCITY ،
_c1994
300 _a99 P
650 0 4 _aMANAGEMENT
650 0 4 _aBUSINESS
650 0 4 _aWORK GROUPS
650 0 4 _aDECISION - MAKING
942 _2ddc
_cBK
999 _c20093
_d20093